<?xml version="1.0" encoding="UTF-8"?>
<record
    xmlns:xsi="http://www.w3.org/2001/XMLSchema-instance"
    xsi:schemaLocation="http://www.loc.gov/MARC21/slim http://www.loc.gov/standards/marcxml/schema/MARC21slim.xsd"
    xmlns="http://www.loc.gov/MARC21/slim">

  <leader>00361nam a2200157Ia 4500</leader>
  <controlfield tag="008">191201s2008    xx            000 0 und d</controlfield>
  <datafield tag="020" ind1=" " ind2=" ">
    <subfield code="a">9780070635463</subfield>
  </datafield>
  <datafield tag="082" ind1=" " ind2=" ">
    <subfield code="a">005.43</subfield>
    <subfield code="b">DAU</subfield>
  </datafield>
  <datafield tag="100" ind1=" " ind2=" ">
    <subfield code="a">DAS Sumitabha</subfield>
  </datafield>
  <datafield tag="245" ind1=" " ind2="0">
    <subfield code="a">UNIX Concepts and Applications</subfield>
  </datafield>
  <datafield tag="250" ind1=" " ind2=" ">
    <subfield code="a">Rep.</subfield>
  </datafield>
  <datafield tag="260" ind1=" " ind2=" ">
    <subfield code="a">N.Delhi</subfield>
    <subfield code="b">TMH</subfield>
    <subfield code="c">2008</subfield>
  </datafield>
  <datafield tag="300" ind1=" " ind2=" ">
    <subfield code="a">671</subfield>
  </datafield>
  <datafield tag="650" ind1=" " ind2=" ">
    <subfield code="a">MCA</subfield>
  </datafield>
  <datafield tag="942" ind1=" " ind2=" ">
    <subfield code="2">ddc</subfield>
    <subfield code="c">BK</subfield>
  </datafield>
  <datafield tag="999" ind1=" " ind2=" ">
    <subfield code="c">3726</subfield>
    <subfield code="d">3726</subfield>
  </datafield>
  <datafield tag="952" ind1=" " ind2=" ">
    <subfield code="0">0</subfield>
    <subfield code="1">0</subfield>
    <subfield code="2">ddc</subfield>
    <subfield code="4">0</subfield>
    <subfield code="7">0</subfield>
    <subfield code="8">MCA</subfield>
    <subfield code="a">PIET</subfield>
    <subfield code="b">PIET</subfield>
    <subfield code="d">2008-12-27</subfield>
    <subfield code="e">J B C, New Delhi</subfield>
    <subfield code="g">375.00</subfield>
    <subfield code="k">SI-4768</subfield>
    <subfield code="l">2</subfield>
    <subfield code="o">005.43 DAU</subfield>
    <subfield code="p">10922</subfield>
    <subfield code="r">2025-12-31 00:00:00</subfield>
    <subfield code="s">2025-12-23</subfield>
    <subfield code="w">2008-12-20</subfield>
    <subfield code="y">BK</subfield>
  </datafield>
  <datafield tag="952" ind1=" " ind2=" ">
    <subfield code="0">0</subfield>
    <subfield code="1">0</subfield>
    <subfield code="2">ddc</subfield>
    <subfield code="4">0</subfield>
    <subfield code="7">0</subfield>
    <subfield code="8">MCA</subfield>
    <subfield code="a">PIET</subfield>
    <subfield code="b">PIET</subfield>
    <subfield code="d">2008-12-27</subfield>
    <subfield code="e">J B C, New Delhi</subfield>
    <subfield code="g">375.00</subfield>
    <subfield code="k">SI-4768</subfield>
    <subfield code="l">1</subfield>
    <subfield code="o">005.43 DAU</subfield>
    <subfield code="p">10923</subfield>
    <subfield code="r">2021-01-15 00:00:00</subfield>
    <subfield code="s">2021-01-01</subfield>
    <subfield code="w">2008-12-20</subfield>
    <subfield code="y">BK</subfield>
    <subfield code="z">Damage</subfield>
  </datafield>
  <datafield tag="952" ind1=" " ind2=" ">
    <subfield code="0">0</subfield>
    <subfield code="1">0</subfield>
    <subfield code="2">ddc</subfield>
    <subfield code="4">0</subfield>
    <subfield code="7">0</subfield>
    <subfield code="8">MCA</subfield>
    <subfield code="a">PIET</subfield>
    <subfield code="b">PIET</subfield>
    <subfield code="d">2008-12-27</subfield>
    <subfield code="e">J B C, New Delhi</subfield>
    <subfield code="g">375.00</subfield>
    <subfield code="k">SI-4768</subfield>
    <subfield code="l">3</subfield>
    <subfield code="o">005.43 DAU</subfield>
    <subfield code="p">10924</subfield>
    <subfield code="r">2025-12-23 00:00:00</subfield>
    <subfield code="s">2025-12-10</subfield>
    <subfield code="w">2008-12-20</subfield>
    <subfield code="y">BK</subfield>
  </datafield>
  <datafield tag="952" ind1=" " ind2=" ">
    <subfield code="0">0</subfield>
    <subfield code="1">0</subfield>
    <subfield code="2">ddc</subfield>
    <subfield code="4">0</subfield>
    <subfield code="7">0</subfield>
    <subfield code="8">MCA</subfield>
    <subfield code="a">PIET</subfield>
    <subfield code="b">PIET</subfield>
    <subfield code="d">2008-12-27</subfield>
    <subfield code="e">J B C, New Delhi</subfield>
    <subfield code="g">375.00</subfield>
    <subfield code="k">SI-4768</subfield>
    <subfield code="l">3</subfield>
    <subfield code="o">005.43 DAU</subfield>
    <subfield code="p">10925</subfield>
    <subfield code="r">2024-06-24 00:00:00</subfield>
    <subfield code="s">2024-06-21</subfield>
    <subfield code="w">2008-12-20</subfield>
    <subfield code="y">BK</subfield>
  </datafield>
  <datafield tag="952" ind1=" " ind2=" ">
    <subfield code="0">0</subfield>
    <subfield code="1">0</subfield>
    <subfield code="2">ddc</subfield>
    <subfield code="4">0</subfield>
    <subfield code="7">0</subfield>
    <subfield code="8">MCA</subfield>
    <subfield code="a">PIET</subfield>
    <subfield code="b">PIET</subfield>
    <subfield code="d">2008-12-27</subfield>
    <subfield code="e">J B C, New Delhi</subfield>
    <subfield code="g">375.00</subfield>
    <subfield code="k">SI-4768</subfield>
    <subfield code="l">3</subfield>
    <subfield code="o">005.43 DAU</subfield>
    <subfield code="p">10926</subfield>
    <subfield code="r">2024-03-18 00:00:00</subfield>
    <subfield code="s">2024-03-04</subfield>
    <subfield code="w">2008-12-20</subfield>
    <subfield code="y">BK</subfield>
  </datafield>
  <datafield tag="952" ind1=" " ind2=" ">
    <subfield code="0">0</subfield>
    <subfield code="1">0</subfield>
    <subfield code="2">ddc</subfield>
    <subfield code="4">0</subfield>
    <subfield code="7">0</subfield>
    <subfield code="8">MCA</subfield>
    <subfield code="a">PIET</subfield>
    <subfield code="b">PIET</subfield>
    <subfield code="d">2008-12-27</subfield>
    <subfield code="e">J B C, New Delhi</subfield>
    <subfield code="g">375.00</subfield>
    <subfield code="k">SI-4768</subfield>
    <subfield code="l">4</subfield>
    <subfield code="o">005.43 DAU</subfield>
    <subfield code="p">10927</subfield>
    <subfield code="r">2024-06-03 00:00:00</subfield>
    <subfield code="s">2024-05-27</subfield>
    <subfield code="w">2008-12-20</subfield>
    <subfield code="y">BK</subfield>
  </datafield>
  <datafield tag="952" ind1=" " ind2=" ">
    <subfield code="0">0</subfield>
    <subfield code="1">0</subfield>
    <subfield code="2">ddc</subfield>
    <subfield code="4">0</subfield>
    <subfield code="7">0</subfield>
    <subfield code="8">MCA</subfield>
    <subfield code="a">PIET</subfield>
    <subfield code="b">PIET</subfield>
    <subfield code="d">2008-12-27</subfield>
    <subfield code="e">J B C, New Delhi</subfield>
    <subfield code="g">375.00</subfield>
    <subfield code="k">SI-4768</subfield>
    <subfield code="l">0</subfield>
    <subfield code="o">005.43 DAU</subfield>
    <subfield code="p">10928</subfield>
    <subfield code="r">2019-12-04 00:00:00</subfield>
    <subfield code="w">2008-12-20</subfield>
    <subfield code="y">BK</subfield>
  </datafield>
  <datafield tag="952" ind1=" " ind2=" ">
    <subfield code="0">0</subfield>
    <subfield code="1">0</subfield>
    <subfield code="2">ddc</subfield>
    <subfield code="4">0</subfield>
    <subfield code="7">0</subfield>
    <subfield code="8">MCA</subfield>
    <subfield code="a">PIET</subfield>
    <subfield code="b">PIET</subfield>
    <subfield code="d">2008-12-27</subfield>
    <subfield code="e">J B C, New Delhi</subfield>
    <subfield code="g">375.00</subfield>
    <subfield code="k">SI-4768</subfield>
    <subfield code="l">1</subfield>
    <subfield code="o">005.43 DAU</subfield>
    <subfield code="p">10929</subfield>
    <subfield code="q">2022-07-20</subfield>
    <subfield code="r">2022-01-21 00:00:00</subfield>
    <subfield code="s">2022-01-21</subfield>
    <subfield code="w">2008-12-20</subfield>
    <subfield code="y">BK</subfield>
    <subfield code="z">.</subfield>
  </datafield>
</record>
